Catálogo

ATLAS DE MINERALOGIA (Registro nro. 36213)

Detalles MARC
000 -LEADER
fixed length control field 00463nam a2200193 a 4500
001 - CONTROL NUMBER
control field 36213
005 - DATE AND TIME OF LATEST TRANSACTION
control field 20180714004720.0
008 - FIXED-LENGTH DATA ELEMENTS--GENERAL INFORMATION
fixed length control field 140415s1980 sp 000 0 spa d
020 ## - INTERNATIONAL STANDARD BOOK NUMBER
International Standard Book Number 8470931407
041 ## - LANGUAGE CODE
Language code of text/sound track or separate title spa
082 ## - DEWEY DECIMAL CLASSIFICATION NUMBER
Classification number 549
Item number FON
100 1# - MAIN ENTRY--PERSONAL NAME
Personal name FONT-ALTABA, M.
245 10 - TITLE STATEMENT
Title ATLAS DE MINERALOGIA
250 ## - EDITION STATEMENT
Edition statement 20a ed.
260 ## - PUBLICATION, DISTRIBUTION, ETC.
Place of publication, distribution, etc. ESPAÑA :
Name of publisher, distributor, etc. EDICIONES JOVER,
Date of publication, distribution, etc. 1980
300 ## - PHYSICAL DESCRIPTION
Extent 164
490 ## - SERIES STATEMENT
Series statement ATLAS C
650 14 - SUBJECT ADDED ENTRY--TOPICAL TERM
Topical term or geographic name entry element MINERALOGIA
Existencias
Withdrawn status Lost status Source of classification or shelving scheme Damaged status Not for loan Collection code Home library Current library Shelving location Date acquired Source of acquisition Inventory number Total Checkouts Full call number Barcode Date last seen Price effective from Koha item type
    Dewey Decimal Classification     General Biblioteca Karol Wojtyla Biblioteca Karol Wojtyla Sala general 03/12/2013 Compra 151000000000000000038536   549 FON 54566 05/01/2026 03/12/2013 Libro